إنسان ما قبل التاريخ / (رقم التسجيلة. 66723)
[ عرض عادي ]
| 000 -LEADER | |
|---|---|
| fixed length control field | 00661nam a22002297a 4500 |
| 005 - DATE AND TIME OF LATEST TRANSACTION | |
| control field | 20251108171941.0 |
| 008 - FIXED-LENGTH DATA ELEMENTS--GENERAL INFORMATION | |
| fixed length control field | 250721s1992 xx 000 0 ara d |
| 082 14 - DEWEY DECIMAL CLASSIFICATION NUMBER | |
| Classification number | ط/573/إيش |
| 100 1# - MAIN ENTRY--PERSONAL NAME | |
| Personal name | إيشتين، سام و بريل |
| 245 10 - TITLE STATEMENT | |
| Title | إنسان ما قبل التاريخ / |
| 250 ## - EDITION STATEMENT | |
| Edition statement | ط5 |
| 264 1# - PRODUCTION, PUBLICATION, DISTRIBUTION, MANUFACTURE, AND COPYRIGHT NOTICE | |
| Place of production, publication, distribution, manufacture | القاهرة : |
| Name of producer, publisher, distributor, manufacturer | دار المعارف، |
| Date of production, publication, distribution, manufacture, or copyright notice | 1992. |
| 300 ## - PHYSICAL DESCRIPTION | |
| Extent | 99ص |
| 490 0# - SERIES STATEMENT | |
| Series statement | كل شيء عن |
| Volume/sequential designation | 21 |
| 650 17 - SUBJECT ADDED ENTRY--TOPICAL TERM | |
| Topical term or geographic name as entry element | الإنسان |
| 650 17 - SUBJECT ADDED ENTRY--TOPICAL TERM | |
| Topical term or geographic name as entry element | الآثار |
| 650 17 - SUBJECT ADDED ENTRY--TOPICAL TERM | |
| Topical term or geographic name as entry element | الأصل |
| 653 ## - INDEX TERM--UNCONTROLLED | |
| Uncontrolled term | ناشؤون صغار (10-14) سنة |
| 700 1# - ADDED ENTRY--PERSONAL NAME | |
| Personal name | عيسى، أحمد محمد |
| Relator term | ترجمة |
| 942 ## - ADDED ENTRY ELEMENTS (KOHA) | |
| Source of classification or shelving scheme | Dewey Decimal Classification |
| Koha item type | كتب |
| حالة السحب | حالة الفقدان | مصدر التصنيف | حالة التلف | غير قابل للإعارة | المكتبة الرئيسية | المكتبة الحالية | موقع الرف | تاريخ التزويد | الرقم المتسلسل | Total Checkouts | رقم الإستدعاء | تاريخ آخر ظهور | تاريخ الفاتورة | نوع المادة (كوها) | الباركود |
|---|---|---|---|---|---|---|---|---|---|---|---|---|---|---|---|
| Dewey Decimal Classification | مكتبة أبو علندا العامة | مكتبة أبو علندا العامة | الأطفال | 09/11/2015 | (192) | ط/573/إيش | 28/07/2025 | 09/11/2015 | كتب | PLD00362997 | |||||
| Dewey Decimal Classification | Unchecked | مكتبة الأميرة ايمان العامة | مكتبة الأميرة ايمان العامة | الأطفال | 06/07/2004 | 1100 | ط/573/إيش | 28/07/2025 | 06/07/2004 | كتب | |||||
| Dewey Decimal Classification | مكتبة البراءة للأطفال | مكتبة البراءة للأطفال | الأطفال | 03/10/2013 | 359460 | ط/573/إيش | 28/07/2025 | 03/10/2013 | كتب | PLD00281888 | |||||
| Dewey Decimal Classification | مكتبة البراعم الواعدة | مكتبة البراعم الواعدة | الأطفال | 01/08/2015 | 1603151 | ط/573/إيش | 28/07/2025 | 01/08/2015 | كتب | PLD00339948 |